<?xml version="1.0" encoding="UTF-8"?>
<record
    xmlns:xsi="http://www.w3.org/2001/XMLSchema-instance"
    xsi:schemaLocation="http://www.loc.gov/MARC21/slim http://www.loc.gov/standards/marcxml/schema/MARC21slim.xsd"
    xmlns="http://www.loc.gov/MARC21/slim">

  <leader>00752    a2200145   4500</leader>
  <datafield tag="999" ind1=" " ind2=" ">
    <subfield code="c">26294</subfield>
    <subfield code="d">26294</subfield>
  </datafield>
  <datafield tag="020" ind1=" " ind2=" ">
    <subfield code="a">9789382845942</subfield>
  </datafield>
  <datafield tag="082" ind1=" " ind2=" ">
    <subfield code="a">025.48</subfield>
    <subfield code="b">LIB-</subfield>
  </datafield>
  <datafield tag="245" ind1=" " ind2=" ">
    <subfield code="a">Library 2.0</subfield>
    <subfield code="b">: trends &amp; issues </subfield>
  </datafield>
  <datafield tag="260" ind1=" " ind2=" ">
    <subfield code="b">S.K Jain &amp; Sons </subfield>
    <subfield code="c">2015</subfield>
    <subfield code="a">Jaipur</subfield>
  </datafield>
  <datafield tag="300" ind1=" " ind2=" ">
    <subfield code="a">v, 216p</subfield>
  </datafield>
  <datafield tag="520" ind1=" " ind2=" ">
    <subfield code="a">Library 2.0 is the application of social media in library information centres to deliver quality information services to the users in an ever-changing dynamic environment. The book traces the origin &amp; development of library 2.0 and highlights the features &amp; importance of library 2.0 in the context of changing dimension of information paradigm. 
</subfield>
  </datafield>
  <datafield tag="650" ind1=" " ind2=" ">
    <subfield code="a">Library Science</subfield>
    <subfield code="v">Information Communication Technology</subfield>
    <subfield code="v">Digital Library</subfield>
  </datafield>
  <datafield tag="700" ind1=" " ind2=" ">
    <subfield code="a">Satpathy, Chandra Kishor  </subfield>
  </datafield>
  <datafield tag="942" ind1=" " ind2=" ">
    <subfield code="2">ddc</subfield>
    <subfield code="c">BK</subfield>
  </datafield>
  <datafield tag="952" ind1=" " ind2=" ">
    <subfield code="0">0</subfield>
    <subfield code="1">0</subfield>
    <subfield code="4">0</subfield>
    <subfield code="7">0</subfield>
    <subfield code="a">NASSDOC</subfield>
    <subfield code="b">NASSDOC</subfield>
    <subfield code="d">2020-07-08</subfield>
    <subfield code="e">OP</subfield>
    <subfield code="g">985.50</subfield>
    <subfield code="i">2020-06-11</subfield>
    <subfield code="l">0</subfield>
    <subfield code="o">025.48 LIB-</subfield>
    <subfield code="p">51040</subfield>
    <subfield code="r">2020-07-15 00:00:00</subfield>
    <subfield code="v">1350.00</subfield>
    <subfield code="w">2020-07-15</subfield>
    <subfield code="y">BK</subfield>
  </datafield>
</record>
